000 00356 a2200133 4500
000 nam a22 7a 4500
100 _aVerma, Mahesh Kumar
110 _aVerma, Mahesh Kumar
245 _aKhajuraho Ek Samay Yatra
250 _aLatest edition
260 _bVishav bharti publication
_c2024
264 _bVishav bharti publication
_c2024
942 _cBK
999 _c395993
_d395993